000 00626nam a22002177a 4500
003 DO-SdBNP
005 20220520103637.0
007 ta
008 220520b2021 dr ||||| |||| 00| 0 spa d
040 _aDO-SdBNP
_bspa
_cBNPHU
082 4 _222
110 1 _aRepública Dominicana
_9447
240 0 0 _aLeyes, etc.
245 1 0 _aLey general de libre acceso a la información pública :
_bno. 200-04
260 _aSanto Domingo :
_bs.n.,
_c2021.
300 _a64 p. ;
_c21 cm.
590 _aInventariado, 2022/BT
700 1 _aPérez, José Tomás,
_epról.
_917046
710 1 _aRepública Dominicana
_910038
942 _2ddc
_cLBS1
999 _c51777
_d51777